নির্বাচিত প্রবন্ধ / (Record no. 838)
[ view plain ]
| 000 -LEADER | |
|---|---|
| fixed length control field | 00674nam a22002417a 4500 |
| 001 - CONTROL NUMBER | |
| JCCL Control Number | 838 |
| 003 - CONTROL NUMBER IDENTIFIER | |
| JCCL marc code | BD-JhCC |
| 005 - DATE AND TIME OF LATEST TRANSACTION | |
| control field | 20171012093526.0 |
| 008 - FIXED-LENGTH DATA ELEMENTS--GENERAL INFORMATION | |
| fixed length control field | 171010s2002 bg |||| ||a| 00| 0 ben d |
| 020 ## - INTERNATIONAL STANDARD BOOK NUMBER | |
| International Standard Book Number | 9848681825 |
| 035 ## - SYSTEM CONTROL NUMBER | |
| system control number | (BD-JhCC)838 |
| 040 ## - CATALOGING SOURCE | |
| Original cataloging agency | BD-JhCC |
| Modifying agency | BD-JhCC |
| 041 ## - LANGUAGE CODE | |
| Language code of Book | ben |
| 082 ## - DEWEY DECIMAL CLASSIFICATION NUMBER | |
| Classification number | 891.4409 |
| Author mark and Year | ROF 2002 |
| 100 ## - MAIN ENTRY--PERSONAL NAME | |
| Personal name | রফিক, আহমদ |
| 245 ## - TITLE STATEMENT | |
| Title | নির্বাচিত প্রবন্ধ / |
| Statement of responsibility, etc | আহমদ রফিক |
| 260 ## - PUBLICATION, DISTRIBUTION, ETC. (IMPRINT) | |
| Place of publication, distribution, etc | ঢাকা : |
| Name of publisher, distributor, etc | অন্য প্রকাশনী, |
| Date of publication, distribution, etc | 2002 |
| 300 ## - PHYSICAL DESCRIPTION | |
| Pagination | 256 p.: |
| Dimensions | 21 cm. |
| 650 ## - SUBJECT ADDED ENTRY--TOPICAL TERM | |
| Topical term or geographic name as entry element | Bengali Literature |
| 650 ## - SUBJECT ADDED ENTRY--TOPICAL TERM | |
| Topical term or geographic name as entry element | Selective essay |
| 942 ## - ADDED ENTRY ELEMENTS (KOHA) | |
| Source of classification or shelving scheme | Dewey Decimal Classification |
| Koha item type | Books |
| Source of classification or shelving scheme | Damaged status | Not for loan | Home library | Current library | Date of accession | Cost, normal purchase price | Total Checkouts | Full call number | Barcode | Date last seen | Copy number | Koha item type | Shelving location |
|---|---|---|---|---|---|---|---|---|---|---|---|---|---|
| Dewey Decimal Classification | JCC Rouf Library | JCC Rouf Library | 10/10/2017 | 200.00 | 891.4409 ROF 2002 | 1803 | 10/10/2017 | C-1 | Books | ||||
| Dewey Decimal Classification | JCC Rouf Library | JCC Rouf Library | 10/10/2017 | 200.00 | 891.4409 ROF 2002 | 1841 | 10/10/2017 | C-2 | Books | General Stacks | |||
| Dewey Decimal Classification | JCC Rouf Library | JCC Rouf Library | 10/10/2017 | 200.00 | 891.4409 ROF 2002 | 1828 | 10/10/2017 | C-3 | Books | General Stacks |